Mikroštruktúrna analýza zvarových spojov nelegovaných ocelí = Microstructure analyse welded joints of not alloyed steels : Diplomová práca

Saved in:
Bibliographic Details
Main Author: Merica, Andrej (Author)
Other Authors: Dománková, Mária, 1966- (xxx)
Format: Manuscript Book
Language:Slovak
Published: Trnava : STU v Bratislave MTF UMAT, 2009
Subjects:
Tags: Add Tag
No Tags, Be the first to tag this record!

MARC

LEADER 00000ntm a22000003a 4500
001 stu180070
005 20160719160126.5
008 090213s2009----xo------------------slo-d
040 |a STU  |b slo 
041 0 |a slo 
044 |a xo 
100 1 |a Merica, Andrej  |4 aut 
245 1 |a Mikroštruktúrna analýza zvarových spojov nelegovaných ocelí = Microstructure analyse welded joints of not alloyed steels :  |b Diplomová práca 
260 |a Trnava :  |b STU v Bratislave MTF UMAT,  |c 2009 
300 |a 77 s  |c 1 CD-ROM 
500 |a Študijný program: technické materiály 
500 |a Študijný odbor: 5.2.26 materiály 
650 7 |a mikroštruktúrna analýza  |2 stusub 
650 7 |a nelegované ocele  |2 stusub 
650 7 |a zvarové spoje  |2 stusub 
700 1 |a Dománková, Mária,  |d 1966-  |4 xxx  |u M1000  |U MTF Materiálovotechnologická fakulta  |T MTF Ústav materiálov  |X 251  |U M1000  |Y 81  |7 A000000251 
996 |b 284M069657  |c M*DP-7566  |l MMSKP  |s P  |a 0  |w stu180070_0001